G20 members quiz - Statistics

General Stats
  • This quiz has been taken 26 times
  • The average score is 18 of 20
Answer Stats
Answer % Correct
United Kingdom
100%
Canada
96%
France
96%
Germany
96%
Russia
96%
South Africa
96%
United States
96%
Argentina
91%
Italy
91%
Japan
91%
Brazil
87%
India
87%
Turkey
87%
Australia
83%
Mexico
83%
Saudi Arabia
83%
South Korea
83%
China
78%
Indonesia
78%
European Union
57%
No matching quizzes found
Score Distribution
Percent of People with Each Score
Percentile by Number Answered
Your Score History
You have not taken this quiz